World Matchplay Darts Winners - Statistics

General Stats
  • This quiz has been taken 7 times
  • The average score is 26 of 32
Answer Stats
Year Country Winner % Correct
2025 England Luke Littler
100%
2022 Netherlands Michael van Gerwen
100%
2016 Netherlands Michael van Gerwen
100%
2015 Netherlands Michael van Gerwen
100%
2017 England Phil Taylor
100%
2014 England Phil Taylor
100%
2013 England Phil Taylor
100%
2012 England Phil Taylor
100%
2011 England Phil Taylor
100%
2010 England Phil Taylor
100%
2009 England Phil Taylor
100%
2008 England Phil Taylor
100%
2006 England Phil Taylor
100%
2004 England Phil Taylor
100%
2003 England Phil Taylor
100%
2002 England Phil Taylor
100%
2001 England Phil Taylor
100%
2000 England Phil Taylor
100%
1997 England Phil Taylor
100%
1995 England Phil Taylor
100%
2018 Scotland Gary Anderson
86%
2024 England Luke Humphries
86%
2019 England Rob Cross
86%
2020 Belgium Dimitri Van den Bergh
57%
2021 Scotland Peter Wright
57%
2007 England James Wade
43%
2023 England Nathan Aspinall
43%
2005 England Colin Lloyd
29%
1994 USA Larry Butler
29%
1996 England Peter Evison
29%
1999 England Rod Harrington
29%
1998 England Rod Harrington
29%
No matching quizzes found
Score Distribution
Percent of People with Each Score
Percentile by Number Answered
Your Score History
You have not taken this quiz